000 00380 a2200169 4500
001 68916
020 _a8526238361
040 _cAnchieta - Itaigara
100 _aGirardet, Sylvie
240 1 0 _aA minhoca e os passarinhos
_lpor
245 1 0 _aA minhoca e os passarinhos
300 _a11
362 0 _a2003
440 1 _aScipione
650 4 _aLiteratura infantil
942 _cBK
999 _c68916
_d68916